Harry Potter Alphabet Blitz D Quiz Stats

 Plays Quiz not verified by Sporcle

Challenge
Share
Tweet
Embed
Score 0/15 Timer 02:00
5 Plays Today
Hint D Answer % Correct
Riddle's nemesis, 'The Only One He Ever Feared'Dumbledore
96.6%
Harry's nemesis at Hogwarts from day 1Draco Malfoy
96.4%
Sock collectorDobby
95.3%
Yule Ball activityDancing
95.2%
A Patronus a day keeps these guys awayDementors
94.4%
The first Triwizard taskDragons
92.8%
Subject with highest faculty turnoverDefense against the Dark Arts
92.6%
Character aka Ickle DiddykinsDudley Dursley
91.1%
Hint D Answer % Correct
Location of the Slytherin Common RoomDungeons
90%
Dolohov, Macnair, Nott, and Yaxley et.al.Death Eaters
88.5%
Only class Hermione dropped mid-yearDivination
86.1%
Ron's bequest from DumbledoreDeluminator
79%
'Phlegm's' maiden nameDelacour
68.6%
Mrs. Weasley wanted these pests exterminated from 12 Grimmauld PlaceDoxies
51.4%
First Gryffindor password mentioned, Caput ______Draconis
50.5%

You're not logged in!

Compare scores with friends on all Sporcle quizzes.
OR
Log In

You Might Also Like...

Show Comments

Extras

Top Quizzes Today


Score Distribution

Your Account Isn't Verified!

In order to create a playlist on Sporcle, you need to verify the email address you used during registration. Go to your Sporcle Settings to finish the process.

Report this User

Report this user for behavior that violates our Community Guidelines.

Details: